Statistics for Songs by Letter - L

Click here to take the quiz!

General Stats

  • This quiz has been taken 60 times
  • The average score is 9 of 18

Answer Stats

SongArtist% Correct
Like A PrayerMadonna
89%
Last ChristmasWHAM!
86%
Livin' La Vida LocaRicky Martin
80%
Lose YourselfEminem
79%
London CallingThe Clash
68%
Like A Rolling StoneBob Dylan
66%
Lady MarmaladeChristina Aguilera,
Lil' Kim, Mýa
and Pink
59%
Love YourselfJustin Bieber
57%
Le FreakChic
54%
LolaThe Kinks
52%
LoserBeck
48%
Life On Mars?David Bowie
46%
Love Will Tear Us ApartJoy Division
34%
Love Is All AroundWet Wet Wet
25%
Live ForeverOasis
21%
Lady (Hear Me Tonight)Modjo
18%
Living Next Door To AliceSmokie
18%
LambadaKaoma
7%

Score Distribution

Percentile by Number Answered

Percent of People with Each Score

Your Score History

You have not taken this quiz